00494 a2200205 4500001000700000020001500007020002700022020001500049020001500064020001500079041000800094100002600102250001000128300001000138490002000148830002000168040002500188245003200213260004300245115394 a0060262532 a0060262540 (lib. bdg.) a006444239X a032908092X a0758760698 apor aHazen, Barbara Shook. a. ed. a32 p. aI can read book aI can read book aBR-BrIDEAcBR-BrIDEA10aDigbyc Barbara Shook Hazen a[S.l.]bHarperCollins Publishersc1997